000 005280000a22001810004500
003 MACL
005 20160406104405.0
008 160406b xxu||||| |||| 00| 0 eng d
040 _aMACL
_cMACL
041 _aHindi
082 _a340
100 _aमित्‍तल एच. एम
_950694
245 _aविधिक सहायता एवं विधिक सेवायें
260 _bशील सन्‍स
_c2003
_aजयपुर
350 _a295
650 _aLaw
_950696
942 _cHIN
_k340
_2ddc
999 _c10046
_d10046